Problemas económicos y sociales

Uloženo v:
Podrobná bibliografie
Hlavní autoři: Schkolnik, Mariana (Autor), Velásquez, Mario (Autor)
Médium: Kniha
Jazyk:španělština
Vydáno: Santiago Academia de Humanismo Cristiano, Programa de Economía del Trabajo 1986
Edice:Manual de educación popular. Academia de Humanismo Cristiano, Programa de Economía del Trabajo
Témata:
Tagy: Přidat tag
Žádné tagy, Buďte první, kdo vytvoří štítek k tomuto záznamu!

MARC

LEADER 00000nam a2200000 a 4500
001 UCW9540
003 CL-VaPUC
008 890510e19860000CL |||||||||||||||||spa|d
082 0 4 |a 361  |b SCH  |2 21 
100 0 |a Schkolnik, Mariana  |e author  |9 314828 
700 0 |a Velásquez, Mario  |e author  |9 314829 
245 1 0 |a Problemas económicos y sociales 
300 |a 117 p 
942 |c BK 
945 |d 19890510 00:00:00 
260 |a Santiago  |b Academia de Humanismo Cristiano, Programa de Economía del Trabajo  |c 1986 
650 0 |a Problemas sociales  |9 258537 
650 7 |a CONDICIONES SOCIALES 1970-  |2 CL-VaPUC  |9 309114 
651 7 |a CHILE  |2 CL-VaPUC  |9 314830 
583 |a last modification  |c 19890510 00:00:00  |k Rodrigo Vera 
490 0 |a Manual de educación popular. Academia de Humanismo Cristiano, Programa de Economía del Trabajo 
999 |c 221479  |d 221477 
952 |0 0  |1 0  |4 0  |6 361_000000000000000_SCH_1986  |7 0  |8 A  |9 214839  |a BIBGIM  |b BIBGIM  |d 2019-11-15  |i 2834308  |o 361 SCH 1986  |p 2834308  |r 2025-01-15  |w 2019-11-15  |y BK  |k SSL 
952 |0 0  |1 0  |4 0  |6 361_000000000000000_SCH_1986  |7 0  |8 A  |9 214840  |a BIBGIM  |b BIBGIM  |d 2019-11-15  |i 2834316  |o 361 SCH 1986  |p 2834316  |r 2025-01-15  |w 2019-11-15  |y BK  |k SSL 
952 |0 0  |1 0  |4 0  |6 361_000000000000000_SCH_1986  |7 0  |8 A  |9 214841  |a BIBGIM  |b BIBGIM  |d 2019-11-15  |i 2834324  |o 361 SCH 1986  |p 2834324  |r 2025-01-15  |w 2019-11-15  |y BK  |k SSL